Paroles : Right Now - One Direction - Statistiques

Statistiques générales
  • Ce quiz a été pris 148 fois
  • Le résultat moyen est 202 sur 236
Statistiques - réponses
Réponse % Correct
I
100%
Right
100%
right
100%
you
100%
You
100%
me
98%
now
98%
hear
97%
we
95%
with
95%
With
95%
here
94%
is
92%
the
92%
wish
92%
and
90%
And
90%
feel
90%
know
90%
to
90%
every
89%
feeling
87%
night
85%
were
85%
can't
84%
go
84%
in
84%
new
84%
so
84%
be
82%
it
82%
do
81%
Everything
81%
voices
81%
for
79%
For
79%
my
77%
on
77%
On
77%
that
77%
yeah
77%
'Cause
76%
down
76%
own
76%
calling
74%
home
74%
Lights
74%
long
74%
this
74%
won't
74%
going
73%
like
73%
love
73%
Love
73%
But
71%
street
71%
fight
69%
singing
63%
Just
61%
songs
61%
faces
56%
how
56%
used
56%
all
55%
these
52%
together
52%
forever
50%
friends
50%
Late
50%
I'm
48%
crazy
47%
let's
47%
our
47%
could
45%
spaces
42%
Aucun quiz correspondant
Distribution des résultats
% des personnes avec chaque résultat
Percentile par nombre de réponses
Votre historique - résultats
Vous n’avez pas pris ce quiz